Kincskereső
Elmentve itt :
| Dokumentumtípus: | Cikk |
|---|---|
| Megjelent: |
1975-10-30
|
| Sorozat: | Délmagyarország
65 No. 255 |
| Kulcsszavak: | Kincskereső |
| Online Access: | http://dmarchiv.bibl.u-szeged.hu/119430 |
| LEADER | 00381nab a2200145 i 4500 | ||
|---|---|---|---|
| 001 | delm119430 | ||
| 005 | 20190423121342.0 | ||
| 008 | 190423s1975 hu o 0|| hun d | ||
| 040 | |a SZTE Délmagyarország Archívum |b hun | ||
| 041 | |a hun | ||
| 245 | 0 | 0 | |a Kincskereső |h [elektronikus dokumentum] |
| 260 | |c 1975-10-30 | ||
| 300 | |a 5 | ||
| 490 | 0 | |a Délmagyarország |v 65 No. 255 | |
| 695 | |a Kincskereső | ||